000 005000000a22001810004500
999 _c47369
_d47369
001 111
003 CO-MdFUSB
005 20180409162625.0
008 180409b xxu||||| |||| 00| 0 eng d
020 _a0-394-85145-5
040 _cCO-MdBIC
082 0 4 _a421 C894p
245 1 0 _a500 Palabras nuevas para ti, Ilustraciones Harry McNaught, traduccíon : Pilar de Cuenca and Inés Alvarez
260 _aNew York : Random House
300 _a[ 33 P.]
650 1 4 _aLiteratura Infantil
942 _cLGB